Ένας πλανήτης : ταξιδιωτικές φωτογραφίες από τη συλλογή της Lonely Planet Images = One planet

Αποθηκεύτηκε σε:
Λεπτομέρειες βιβλιογραφικής εγγραφής
Συγγραφή απο Οργανισμό/Αρχή: Lonely Planet Publications (Firm)
Μορφή: Βιβλίο
Γλώσσα:Greek
English
Δημοσίευση: Αθήνα : ΚΟΑΝ/Βιβλία του κόσμου, 2004.
Έκδοση:2η έκδ.
Θέματα:
Ετικέτες: Προσθήκη ετικέτας
Δεν υπάρχουν, Καταχωρήστε ετικέτα πρώτοι!

MARC

LEADER 00000cam a2200000 i 4500
001 1/93752
008 080912s2004 gr | ||| |||| ||gre||
020 |a 9607895495 
035 |l 10100105 
040 |a GR-MyUa  |b gre  |e AACR2 
041 1 |a gre  |h eng 
082 7 |a 779   |2 (22) 
245 0 0 |a Ένας πλανήτης :   |b ταξιδιωτικές φωτογραφίες από τη συλλογή της Lonely Planet Images = One planet /   |c επιμέλεια ελληνικής έκδοσης και κειμένων: Άγγελος Μοιράγιας ; απόδοση στα ελληνικά: Νίκος Πέτρου.  
246 1 |i Παράλληλος τίτλος:   |a One planet 
250 |a 2η έκδ. 
260 |a Αθήνα :   |b ΚΟΑΝ/Βιβλία του κόσμου,   |c 2004.  
300 |a 242 σ. :   |b έγχρ. εικ. ;   |c 21 εκ. 
650 0 |a Voyages and travels  |v Pictorial works. 
650 0 |a Landscapes  |v Pictorial works. 
710 2 |a Lonely Planet Publications (Firm) 
852 |a INST  |b SYROS  |e 20080912  |h 779 ΕΝΑ  |p 005500005538  |q 005500005538  |t BK  |y 0 
901 |a BIBL5-2008-3 
922 |a 5ΕΛΗ  |b 200711  |c ΕΠΕΑΕΚ2/ΤΜΣΠΣ  |d Σ. Πατάκης 
970 |a Καγιαβά  |b Ειρήνη  |z 12/09/2008